000 00378cam a2200157ua 4500
041 _aeng
_h
082 _a823.308
_bHUX/DE
100 _aHuxley, Aldous .
245 _aDevils of loudun /
_cAldous Huxley.
_hTextual Documents
250 _a1 /
_b.
260 _aLondon :
_bChatto and Windus ,
_c1961.
300 _a376 ; .
504 _a
942 _cBK
999 _c7832
_d7832